Administrative Atolls of the Maldives with a Map - Statistics

General Stats
  • This quiz has been taken 1,865 times
  • The average score is 8 of 21
Answers on the Map
Answers color-coded by a green-red scale on the quiz's map according to % correct below.
 
Answer Stats
Type Atoll % Correct
City Malé
97%
Atoll Malé Atoll
97%
City Addu City
51%
Atoll South Maalhosmadulu
39%
Atoll North Maalhosmadulu
38%
City Fuvahmulah
37%
Atoll North Ari Atoll
35%
Atoll Mulaku Atoll
34%
Atoll South Ari Atoll
34%
Atoll South Nilandhe Atoll
33%
Atoll Faadhippolhu
32%
Atoll North Miladhunmadulu
32%
Atoll North Nilandhe Atoll
32%
Atoll South Miladhunmadulu
32%
City South Thiladhunmathi
32%
Atoll Felidhu Atoll
30%
Atoll South Huvadhu Atoll
30%
Atoll Hahdhunmathi
29%
Atoll Kolhumadulu
29%
Atoll North Thiladhunmathi
29%
Atoll North Huvadhu Atoll
28%
No matching quizzes found
Score Distribution
Percent of People with Each Score
Percentile by Number Answered
Your Score History
You have not taken this quiz